Psychology of music
Збережено в:
| Автор: | |
|---|---|
| Формат: | Книга |
| Мова: | Англійська |
| Опубліковано: |
Nueva York
McGraw-Hill
1938
|
| Предмети: | |
| Теги: |
Додати тег
Немає тегів, Будьте першим, хто поставить тег для цього запису!
|
MARC
| LEADER | 00000nam a2200000 a 4500 | ||
|---|---|---|---|
| 001 | UCW2464 | ||
| 003 | CL-VaPUC | ||
| 008 | 901030e19380000US |||||||||||||||||eng|d | ||
| 082 | 0 | 4 | |a 781.11 |b SEA |2 21 |
| 100 | 0 | |a Seashore, Carl E |e author |9 306623 | |
| 245 | 1 | 0 | |a Psychology of music |
| 300 | |a 408 p | ||
| 942 | |c BK | ||
| 945 | |d 19901030 00:00:00 | ||
| 260 | |a Nueva York |b McGraw-Hill |c 1938 | ||
| 650 | 0 | |a Música estudio e instrucción |9 306355 | |
| 583 | |a last modification |c 19901030 00:00:00 |k Rodrigo Vera | ||
| 999 | |c 217013 |d 217011 | ||
| 952 | |0 0 |1 0 |4 0 |6 781_110000000000000_SEA_1938 |7 0 |8 A |9 203495 |a BIBEDU |b BIBEDU |d 2019-11-15 |i 2707187 |o 781.11 SEA 1938 |p 2707187 |r 2023-01-12 |w 2019-11-15 |y BK |k MUS | ||